Normal view
MARC view
- ISLAM-HADITH-SUNNAN-E-NASAI
Entry Topical Term
001 - CONTROL NUMBER
- control field: 76715
003 - CONTROL NUMBER IDENTIFIER
- control field: NUST
005 - DATE AND TIME OF LATEST TRANSACTION
- control field: 20210628205712.0
008 - FIXED-LENGTH DATA ELEMENTS
- fixed length control field: 210628|| aca||aabn | a|a d
040 ## - CATALOGING SOURCE
- Original cataloging agency: NUST
- Transcribing agency: NUST
150 ## - HEADING--TOPICAL TERM
- Topical term or geographic name entry element: ISLAM-HADITH-SUNNAN-E-NASAI
670 ## - SOURCE DATA FOUND
- Source citation: Work cat.: (NUST): Amam Abu Abdul Rehman 76714, Sunnan-e-nasai, 1991
